000 00743aam a2200265 i 4500
001 299
003 CO-MdBIC
005 20211002120915.0
008 211002t1990 mx ||||| |||| 00| 0 eng d
020 _a968-19-0073-1
040 _bspa.
_aCO-MdFUSB
_cCO-MdFUSB
_dCO-MdFUSBC
_erda
041 _aspa
082 0 4 _aR 370 S669d
245 1 0 _aDiccionario de las ciencias de la educación / Sergio Sánchez Cerezo, Director
_c/
264 1 _aMéxico :
_bSantillana,
_c[1990]
264 4 _c© 1990
300 _c;
336 _2rdacontent
_atexto
_btxt
337 _2rdamedia
_asin mediación
_bn
338 _2rdacarrier
_avolumen
_bnc
653 _aDiccionario
653 _aCiencias de la educación
942 _cBK
945 _aEstudiante
999 _c31835
_d31835